[Event "Titled Tuesday intern op 13th Feb Early"]
[Site "Chess.com INT"]
[Date "2024.02.13"]
[Round "8"]
[White "Ponizil, Cyril"]
[Black "Antoniou, Rafail"]
[Result "1-0"]
[WhiteElo "2474"]
[BlackElo "2036"]
[PlyCount "87"]
[EventDate "2024.02.13"]
[EventType "swiss (blitz)"]
[EventRounds "11"]
[EventCountry "USA"]
[SourceTitle "CB08_2024"]
[SourceDate "2024.02.21"]
[SourceVersion "1"]
[SourceVersionDate "2024.02.21"]
[SourceQuality "1"]

1. e4 c5 2. Nf3 e6 3. d4 cxd4 4. Nxd4 Nf6 5. Nc3 Nc6 6. Bf4 Bb4 7. Ndb5 0-0 8. Bc7 Qe7 9. Bd6 Bxd6 10. Qxd6 Qd8 11. 0-0-0 a6 12. Nd4 Ne7 13. f3 b5 14. Nb3 Bb7 15. Bd3 Ne8 16. Qd4 d6 17. Qe3 d5 18. Nc5 d4 19. Nxb7 Qb6 20. Qf2 e5 21. Nd5 Qxb7 22. Qh4 Ng6 23. Qg3 Nc7 24. h4 Nxd5 25. exd5 Nf4 26. Rhe1 Nxd3+ 27. Rxd3 f6 28. f4 Qxd5 29. fxe5 Qxa2 30. Ra3 Qd5 31. e6 Rfe8 32. Qg4 f5 33. Qe2 Rac8 34. Kb1 Rc6 35. e7 Kf7 36. Qh5+ g6 37. Qxh7+ Kf6 38. Rg3 Qf7 39. Qh6 Re6 40. Rxg6+ Qxg6 41. Rxe6+ Kxe6 42. Qxg6+ Kxe7 43. Qxf5 d3 44. Qxd3 1-0

[Event "Titled Tuesday intern op 13th Feb Early"]
[Site "Chess.com INT"]
[Date "2024.02.13"]
[Round "2"]
[White "Ponizil, Cyril"]
[Black "Dmitrenko, Viktor"]
[Result "1-0"]
[WhiteElo "2474"]
[BlackElo "2395"]
[PlyCount "55"]
[EventDate "2024.02.13"]
[EventType "swiss (blitz)"]
[EventRounds "11"]
[EventCountry "USA"]
[SourceTitle "CB08_2024"]
[SourceDate "2024.02.21"]
[SourceVersion "1"]
[SourceVersionDate "2024.02.21"]
[SourceQuality "1"]

1. d4 d5 2. Nf3 e6 3. c4 a6 4. Nc3 dxc4 5. a4 Nc6 6. e3 Na5 7. Be2 Nf6 8. 0-0 c5 9. Ne5 cxd4 10. exd4 Bd6 11. Nxc4 Nxc4 12. Bxc4 0-0 13. Bg5 h6 14. Be3 Bxh2+ 15. Kh1 Bc7 16. Bd3 Qd6 17. g3 b6 18. Kg1 Bb7 19. Rc1 Rfd8 20. Bf4 Qc6 21. Ne4 Qd5 22. Rxc7 Nxe4 23. Rxb7 Qxb7 24. Qg4 Nf6 25. Qe2 Rxd4 26. Be5 Qd5 27. Rd1 Nd7 28. Bxd4 1-0

[Event "SVK-chT 2324"]
[Site "Slovakia"]
[Date "2023.12.09"]
[Round "3.2"]
[White "Ponizil, Cyril"]
[Black "Chlpik, Martin"]
[Result "1-0"]
[WhiteElo "2471"]
[BlackElo "2293"]
[PlyCount "99"]
[EventDate "2023.11.04"]
[EventType "team-tourn"]
[EventRounds "11"]
[EventCountry "SVK"]
[SourceTitle "CB04_2024"]
[SourceDate "2023.10.16"]
[SourceVersion "1"]
[SourceVersionDate "2023.10.16"]
[SourceQuality "1"]
[WhiteTeam "Dubnica nad Vahom"]
[BlackTeam "Levice"]
[WhiteTeamCountry "SVK"]
[BlackTeamCountry "SVK"]

1. e4 c5 2. Nf3 d6 3. d4 cxd4 4. Nxd4 Nf6 5. Nc3 a6 6. g3 e5 7. Nde2 Be7 8. Bg2 b5 9. a4 b4 10. Nd5 Nxd5 11. Qxd5 Ra7 12. Be3 Rb7 13. 0-0 Nd7 14. Qd2 0-0 15. h3 a5 16. Rfd1 Nf6 17. c3 Be6 18. cxb4 Rxb4 19. Nc3 Qb8 20. Rdb1 Rd8 21. Qe1 d5 22. exd5 Bf5 23. Rc1 Rxb2 24. Qd1 Bb4 25. Bg5 Qb6 26. Be3 Qb8 27. g4 Bg6 28. Nb5 e4 29. Qd4 Rb3 30. d6 Rd3 31. Qb6 Bxd6 32. Nxd6 Qxd6 33. Qxa5 h5 34. gxh5 Nxh5 35. Qc5 Qe6 36. a5 Kh7 37. a6 R8d5 38. Qb6 Rd6 39. Qb5 R3d5 40. Qa4 Rd8 41. a7 Ra8 42. Rd1 Nf6 43. Qb4 Qc6 44. Rac1 Rxd1+ 45. Rxd1 Nd5 46. Qb8 Nxe3 47. fxe3 Qc8 48. Qxc8 Rxc8 49. Ra1 Ra8 50. Bf1 1-0

[Event "Titled Tuesday intern op 25th Jul Late"]
[Site "Chess.com INT"]
[Date "2023.07.25"]
[Round "11"]
[White "Bettalli, Francesco"]
[Black "Ponizil, Cyril"]
[Result "1-0"]
[WhiteElo "2266"]
[BlackElo "2469"]
[PlyCount "75"]
[EventDate "2023.07.25"]
[EventType "swiss (blitz)"]
[EventRounds "11"]
[EventCountry "USA"]
[SourceTitle "EXT 2024"]
[Source "ChessBase"]
[SourceDate "2023.10.10"]
[SourceVersion "1"]
[SourceVersionDate "2023.10.10"]
[SourceQuality "1"]

1. e4 c5 2. Nc3 Nc6 3. Bb5 Nd4 4. Nf3 e6 5. 0-0 Ne7 6. Nxd4 cxd4 7. Ne2 a6 8. Bd3 Nc6 9. c3 Bc5 10. b4 Ba7 11. a4 dxc3 12. dxc3 0-0 13. b5 Ne5 14. Bb1 axb5 15. Ba3 Re8 16. axb5 Nc4 17. Bc5 b6 18. Bb4 Bb7 19. Qd4 Qc8 20. Bd3 Nb2 21. c4 Nxd3 22. Qxd3 Bb8 23. Bc3 Qc7 24. Ng3 Qd6 25. Qf3 Rxa1 26. Rxa1 Qc5 27. Rd1 d6 28. Qg4 g6 29. e5 dxe5 30. Nh5 Qe7 31. Rd7 Qxd7 32. Nf6+ Kf8 33. Nxd7+ Ke7 34. Nxb8 Rxb8 35. Bxe5 Rd8 36. h4 f6 37. Bxf6+ Kxf6 38. Qg5+ 1-0

[Event "Titled Tuesday intern op 25th Jul Late"]
[Site "Chess.com INT"]
[Date "2023.07.25"]
[Round "3"]
[White "Nemeth, John"]
[Black "Ponizil, Cyril"]
[Result "0-1"]
[WhiteElo "2135"]
[BlackElo "2469"]
[PlyCount "82"]
[EventDate "2023.07.25"]
[EventType "swiss (blitz)"]
[EventRounds "11"]
[EventCountry "USA"]
[SourceTitle "EXT 2024"]
[Source "ChessBase"]
[SourceDate "2023.10.10"]
[SourceVersion "1"]
[SourceVersionDate "2023.10.10"]
[SourceQuality "1"]

1. Nf3 Nf6 2. c4 e6 3. b3 b6 4. Bb2 Bb7 5. Nc3 Be7 6. g3 Bxf3 7. exf3 0-0 8. Bg2 c5 9. d4 cxd4 10. Qxd4 Nc6 11. Qe3 d5 12. Qe2 d4 13. Ne4 Bb4+ 14. Kf1 d3 15. Qe3 Nxe4 16. fxe4 e5 17. Rd1 d2 18. a3 Bc5 19. Qxd2 Qf6 20. f3 Rad8 21. Qc2 Rxd1+ 22. Qxd1 Rd8 23. Qc2 Qe7 24. Ke2 Bxa3 25. Rd1 Bxb2 26. Qxb2 Rxd1 27. Kxd1 Qc5 28. Bf1 Qg1 29. Qe2 Nd4 30. Qd3 Qxh2 31. f4 Qb2 32. fxe5 Qxb3+ 33. Qxb3 Nxb3 34. Kc2 Nc5 35. Bg2 Kf8 36. Kc3 Ke7 37. Kd4 a5 38. Bf3 a4 39. Bd1 a3 40. Kc3 Nxe4+ 41. Kb3 a2 0-1

[Event "Titled Tuesday intern op 25th Jul Late"]
[Site "Chess.com INT"]
[Date "2023.07.25"]
[Round "2"]
[White "Ponizil, Cyril"]
[Black "Bluebaum, Matthias"]
[Result "0-1"]
[WhiteElo "2469"]
[BlackElo "2672"]
[PlyCount "126"]
[EventDate "2023.07.25"]
[EventType "swiss (blitz)"]
[EventRounds "11"]
[EventCountry "USA"]
[SourceTitle "EXT 2024"]
[Source "ChessBase"]
[SourceDate "2023.10.10"]
[SourceVersion "1"]
[SourceVersionDate "2023.10.10"]
[SourceQuality "1"]

1. e4 e6 2. d4 d5 3. exd5 exd5 4. Nf3 Nc6 5. c3 Bd6 6. Bd3 Nge7 7. 0-0 Bg4 8. Nbd2 Qd7 9. Re1 f6 10. Nf1 0-0-0 11. b4 Ng6 12. Ne3 Be6 13. Qc2 Nf4 14. Bf5 Rde8 15. Bd2 g6 16. Bxe6 Rxe6 17. Nf1 Rxe1 18. Rxe1 Re8 19. Bxf4 Bxf4 20. g3 Bd6 21. Rxe8+ Qxe8 22. Ne3 Qe6 23. Kg2 Ne7 24. Qd3 c6 25. h4 h6 26. h5 f5 27. hxg6 f4 28. gxf4 Nxg6 29. Qf5 Nxf4+ 30. Kf1 Qxf5 31. Nxf5 Bf8 32. Ne5 h5 33. f3 Kc7 34. Kf2 Bd6 35. Ke3 Ng2+ 36. Kf2 Nf4 37. Ke3 Ne6 38. f4 b6 39. Kf3 a5 40. a3 a4 41. Ng3 h4 42. Nh5 c5 43. f5 cxd4 44. fxe6 Bxe5 45. cxd4 Bxd4 46. Nf4 Kd6 47. Nxd5 Kxe6 48. Ke4 Bg1 49. b5 h3 50. Nf4+ Kd6 51. Nxh3 Bc5 52. Nf4 Bxa3 53. Ne2 Kc5 54. Nc3 Kb4 55. Na2+ Kxb5 56. Kd3 Bb2 57. Kc2 Be5 58. Nc1 Kc4 59. Kb1 b5 60. Ka2 b4 61. Kb1 b3 62. Ne2 a3 63. Nc1 Bf4 0-1

[Event "Titled Tuesday intern op 25th Jul Late"]
[Site "Chess.com INT"]
[Date "2023.07.25"]
[Round "1"]
[White "Ponizil, Cyril"]
[Black "Real Pereyra, Jeronimo"]
[Result "1-0"]
[WhiteElo "2469"]
[BlackElo "2172"]
[PlyCount "65"]
[EventDate "2023.07.25"]
[EventType "swiss (blitz)"]
[EventRounds "11"]
[EventCountry "USA"]
[SourceTitle "EXT 2024"]
[Source "ChessBase"]
[SourceDate "2023.10.10"]
[SourceVersion "1"]
[SourceVersionDate "2023.10.10"]
[SourceQuality "1"]

1. e4 c5 2. Nf3 d6 3. d4 cxd4 4. Nxd4 Nf6 5. Nc3 Nc6 6. Bg5 Bd7 7. Qd2 Rc8 8. 0-0-0 Nxd4 9. Qxd4 Qa5 10. f4 Rxc3 11. bxc3 e5 12. Qb4 Qxb4 13. cxb4 Nxe4 14. Bh4 g5 15. fxg5 Be7 16. Bd3 Nxg5 17. Rhf1 Be6 18. Kb2 h6 19. Bf2 a6 20. h4 Nh7 21. Be4 Kd7 22. a3 Kc7 23. Bd5 Nf8 24. Be3 f6 25. h5 Bxd5 26. Rxd5 Nh7 27. Bxh6 Kc6 28. Rd3 d5 29. Bg7 Rg8 30. h6 Bf8 31. Bxf6 Bxh6 32. Bxe5 Bg7 33. Rc3+ 1-0

[Event "CZE-chT 2223"]
[Site "Czech Republic"]
[Date "2023.03.26"]
[Round "11.5"]
[White "Ponizil, Cyril"]
[Black "Straka, Vojtech"]
[Result "1/2-1/2"]
[WhiteElo "2492"]
[BlackElo "2424"]
[PlyCount "71"]
[EventDate "2022.10.15"]
[EventType "team-tourn"]
[EventRounds "11"]
[EventCountry "CZE"]
[SourceTitle "CBM 213 Extra"]
[Source "ChessBase"]
[SourceDate "2023.05.31"]
[SourceVersion "1"]
[SourceVersionDate "2023.05.31"]
[SourceQuality "1"]
[WhiteTeam "Hostalkova"]
[BlackTeam "Oaza Loznice.cz"]
[WhiteTeamCountry "CZE"]
[BlackTeamCountry "CZE"]

1. e4 c5 2. Nf3 Nc6 3. d4 cxd4 4. Nxd4 Nf6 5. Nc3 e5 6. Ndb5 d6 7. Bg5 a6 8. Na3 b5 9. Nd5 Be7 10. Bxf6 Bxf6 11. c4 b4 12. Nc2 0-0 13. Be2 a5 14. 0-0 Bg5 15. Qd3 Be6 16. b3 Ra7 17. Rad1 g6 18. h3 f5 19. Bf3 f4 20. Qe2 Qb8 21. Bg4 Bf7 22. Rd3 h5 23. Bf3 Be6 24. Rfd1 Kg7 25. a3 Rff7 26. axb4 axb4 27. Qe1 Rfb7 28. Ra1 Rxa1 29. Qxa1 Ra7 30. Qe1 Rb7 31. Rd1 Bd8 32. Qd2 Bf7 33. Ra1 Bb6 34. Ra6 Bxd5 35. cxd5 Nd4 36. Nxd4 1/2-1/2

[Event "SVK-chT 2223"]
[Site "Slovakia"]
[Date "2023.02.25"]
[Round "7.1"]
[White "Ponizil, Cyril"]
[Black "Neugebauer, Martin"]
[Result "1/2-1/2"]
[WhiteElo "2492"]
[BlackElo "2517"]
[PlyCount "33"]
[EventDate "2022.10.22"]
[EventType "team-tourn"]
[EventRounds "11"]
[EventCountry "SVK"]
[SourceTitle "EXT 2024"]
[Source "ChessBase"]
[SourceDate "2023.10.10"]
[SourceVersion "1"]
[SourceVersionDate "2023.10.10"]
[SourceQuality "1"]
[WhiteTeam "Dubnica nad Vahom"]
[BlackTeam "Dunajska Streda"]
[WhiteTeamCountry "SVK"]
[BlackTeamCountry "SVK"]

1. e4 c5 2. Nf3 d6 3. d4 cxd4 4. Nxd4 Nf6 5. Nc3 a6 6. g3 e5 7. Nde2 Be7 8. Bg2 b5 9. Nd5 Nxd5 10. Qxd5 Ra7 11. Be3 Be6 12. Qd2 Rb7 13. 0-0 Nd7 14. Nc3 Nb6 15. Bxb6 Qxb6 16. Nd5 Bxd5 17. Qxd5 1/2-1/2

[Event "CZE-chT1E 2223"]
[Site "Czech Republic"]
[Date "2023.01.29"]
[Round "7.1"]
[White "Ponizil, Cyril"]
[Black "Svanda, Ondrej"]
[Result "0-1"]
[WhiteElo "2492"]
[BlackElo "2341"]
[PlyCount "130"]
[EventDate "2022.10.08"]
[EventType "team-tourn"]
[EventRounds "11"]
[EventCountry "CZE"]
[SourceTitle "CBM 213 Extra"]
[Source "ChessBase"]
[SourceDate "2023.05.31"]
[SourceVersion "1"]
[SourceVersionDate "2023.05.31"]
[SourceQuality "1"]
[WhiteTeam "Brno Duras"]
[BlackTeam "Stare Mesto"]
[WhiteTeamCountry "CZE"]
[BlackTeamCountry "CZE"]

1. e4 c5 2. Nf3 e6 3. d4 cxd4 4. Nxd4 Nc6 5. Nc3 Qc7 6. Be3 a6 7. Bd3 Nf6 8. 0-0 b5 9. Nb3 Bb7 10. f4 d6 11. a4 b4 12. Nb1 Be7 13. N1d2 0-0 14. a5 e5 15. Bb6 Qd7 16. Qf3 exf4 17. Qxf4 Rae8 18. Nc4 Ne5 19. Nxe5 dxe5 20. Qe3 Qc6 21. Qe2 Nxe4 22. Bxa6 Bxa6 23. Qxa6 Qxc2 24. Rf3 Nc5 25. Bxc5 Bxc5+ 26. Kh1 e4 27. Rh3 e3 28. Nxc5 e2 29. Re1 Qxc5 30. Qd3 h6 31. Rf3 Qxa5 32. h3 Qe5 33. Qd2 Re6 34. Rf2 Rfe8 35. Qxb4 Qd5 36. Kg1 Re4 37. Qc3 Re3 38. Qc2 Qd4 39. Qf5 Qd2 40. Qb1 Rd3 41. Kh2 Rb3 42. Qa1 Rxb2 43. Rf3 Reb8 44. Rg3 g6 45. Qa6 R8b6 46. Qc8+ Kg7 47. Qc3+ Qxc3 48. Rxc3 Re6 49. Kg3 Rd2 50. Kf2 f5 51. Ra3 Kf6 52. Ra5 g5 53. Rb5 h5 54. Ra5 g4 55. hxg4 hxg4 56. Ra8 f4 57. Rh8 Kg5 58. Rg8+ Kf5 59. Rf8+ Rf6 60. Ra8 g3+ 61. Kf3 Re6 62. Rf8+ Kg6 63. Rh8 Rd1 64. Rhh1 Kg5 65. Rxd1 Re3# 0-1

[Event "CZE-chT1E 2223"]
[Site "Czech Republic"]
[Date "2022.11.27"]
[Round "4.2"]
[White "Ponizil, Cyril"]
[Black "Pakleza, Zbigniew"]
[Result "1/2-1/2"]
[WhiteElo "2492"]
[BlackElo "2496"]
[PlyCount "60"]
[EventDate "2022.10.08"]
[EventType "team-tourn"]
[EventRounds "11"]
[EventCountry "CZE"]
[SourceTitle "CBM 213 Extra"]
[Source "ChessBase"]
[SourceDate "2023.05.31"]
[SourceVersion "1"]
[SourceVersionDate "2023.05.31"]
[SourceQuality "1"]
[WhiteTeam "Brno Duras"]
[BlackTeam "Ostrava"]
[WhiteTeamCountry "CZE"]
[BlackTeamCountry "CZE"]

1. e4 e5 2. Nf3 d6 3. d4 exd4 4. Nxd4 Nf6 5. Nc3 Be7 6. Be2 0-0 7. 0-0 Re8 8. Re1 c6 9. Bf1 Bf8 10. Bg5 h6 11. Bh4 Nbd7 12. Nb3 b5 13. a3 a6 14. Qd2 Ne5 15. f3 Be7 16. Bf2 c5 17. Rad1 Qc7 18. Nd5 Nxd5 19. exd5 Rd8 20. Qa5 Qb7 21. Nxc5 Nxf3+ 22. gxf3 dxc5 23. d6 Bf6 24. Qc7 Qxf3 25. Bg2 Qg4 26. Rd3 Be6 27. Rg3 Qf4 28. Bxa8 Rxa8 29. Qxc5 Rd8 30. Qe3 Qxd6 1/2-1/2

[Event "CZE-chT 2122"]
[Site "Czech Republic"]
[Date "2022.04.08"]
[Round "13.1"]
[White "Ponizil, Cyril"]
[Black "Heberla, Bartlomiej"]
[Result "1/2-1/2"]
[WhiteElo "2506"]
[BlackElo "2558"]
[PlyCount "40"]
[EventDate "2021.10.15"]
[EventType "team-tourn"]
[EventRounds "15"]
[EventCountry "CZE"]
[SourceTitle "EXT 2023"]
[Source "ChessBase"]
[SourceDate "2022.10.05"]
[SourceVersion "1"]
[SourceVersionDate "2022.10.05"]
[SourceQuality "1"]
[WhiteTeam "Brno Duras"]
[BlackTeam "Brno Moravska Slavia"]
[WhiteTeamCountry "CZE"]
[BlackTeamCountry "CZE"]

1. e4 e5 2. Nf3 Nc6 3. Bb5 a6 4. Ba4 d6 5. c3 Bd7 6. 0-0 g6 7. d4 Bg7 8. Re1 Nf6 9. Nbd2 0-0 10. Bc2 exd4 11. Nxd4 Re8 12. N2f3 h6 13. h3 Ne5 14. Bf4 Qe7 15. Nh2 Rad8 16. a4 Qf8 17. Ndf3 Bc6 18. Nd4 Bd7 19. Ndf3 Bc6 20. Nd4 Bd7 1/2-1/2

[Event "CZE-chT1E 2122"]
[Site "Czech Republic"]
[Date "2022.03.26"]
[Round "10.1"]
[White "Mitura, Vaclav"]
[Black "Ponizil, Cyril"]
[Result "0-1"]
[WhiteElo "2138"]
[BlackElo "2506"]
[PlyCount "86"]
[EventDate "2021.10.09"]
[EventType "team-tourn"]
[EventRounds "11"]
[EventCountry "CZE"]
[SourceTitle "EXT 2023"]
[Source "ChessBase"]
[SourceDate "2022.10.05"]
[SourceVersion "1"]
[SourceVersionDate "2022.10.05"]
[SourceQuality "1"]
[WhiteTeam "Cesky Tesin"]
[BlackTeam "Hostalkova"]
[WhiteTeamCountry "CZE"]
[BlackTeamCountry "CZE"]

1. d4 Nf6 2. Nf3 e6 3. c4 b6 4. Nc3 Bb4 5. e3 Bb7 6. Bd3 0-0 7. 0-0 d5 8. a3 Bxc3 9. bxc3 dxc4 10. Bxc4 Nc6 11. Qe2 Na5 12. Ba6 Bxa6 13. Qxa6 Qc8 14. Qd3 Qb7 15. a4 Rfd8 16. Ba3 c5 17. Rac1 Rac8 18. Rfe1 Ne4 19. Qb1 Nc4 20. Bxc5 Nxc5 21. dxc5 Rxc5 22. Red1 Qc8 23. Rxd8+ Qxd8 24. Rd1 Rd5 25. Rd4 e5 26. Rxd5 Qxd5 27. h3 g6 28. Qc2 Kf8 29. e4 Qd6 30. Qb3 Qc6 31. Qc2 a5 32. Qd3 Kg7 33. h4 h5 34. Kh2 Nb2 35. Qc2 Nxa4 36. Nxe5 Qxc3 37. Qxa4 Qxe5+ 38. g3 Qb2 39. Kg2 Qb4 40. Qe8 Qc5 41. f4 b5 42. e5 b4 43. Qd8 Qc6+ 0-1

[Event "CZE-chT 2122"]
[Site "Czech Republic"]
[Date "2022.02.27"]
[Round "12.1"]
[White "Ftacnik, Lubomir"]
[Black "Ponizil, Cyril"]
[Result "1/2-1/2"]
[WhiteElo "2507"]
[BlackElo "2506"]
[PlyCount "59"]
[EventDate "2021.10.15"]
[EventType "team-tourn"]
[EventRounds "15"]
[EventCountry "CZE"]
[SourceTitle "EXT 2023"]
[Source "ChessBase"]
[SourceDate "2022.10.05"]
[SourceVersion "1"]
[SourceVersionDate "2022.10.05"]
[SourceQuality "1"]
[WhiteTeam "Turnov Zikuda"]
[BlackTeam "Brno Duras"]
[WhiteTeamCountry "CZE"]
[BlackTeamCountry "CZE"]

1. Nf3 Nf6 2. c4 e6 3. Nc3 Bb4 4. g3 b6 5. Bg2 Bb7 6. 0-0 0-0 7. Qc2 d6 8. a3 Bxc3 9. Qxc3 Nbd7 10. b4 Qe7 11. Bb2 Rfe8 12. Rfe1 h6 13. e4 c5 14. d3 Rad8 15. b5 a5 16. bxa6 Bxa6 17. a4 Rb8 18. Nh4 Nf8 19. f4 Qc7 20. Nf3 Bb7 21. e5 dxe5 22. Qxe5 Qd8 23. Qe2 Ra8 24. Ra3 N8d7 25. Rea1 Qc7 26. Bc3 Ra6 27. a5 Rea8 28. axb6 Qxb6 29. Rxa6 Rxa6 30. Rxa6 1/2-1/2

[Event "CZE-chT 2122"]
[Site "Czech Republic"]
[Date "2022.02.13"]
[Round "10.4"]
[White "Janik, Igor"]
[Black "Ponizil, Cyril"]
[Result "1/2-1/2"]
[WhiteElo "2484"]
[BlackElo "2506"]
[PlyCount "76"]
[EventDate "2021.10.15"]
[EventType "team-tourn"]
[EventRounds "15"]
[EventCountry "CZE"]
[SourceTitle "EXT 2023"]
[Source "ChessBase"]
[SourceDate "2022.10.05"]
[SourceVersion "1"]
[SourceVersionDate "2022.10.05"]
[SourceQuality "1"]
[WhiteTeam "Kromeriz Slavia"]
[BlackTeam "Brno Duras"]
[WhiteTeamCountry "CZE"]
[BlackTeamCountry "CZE"]

1. e4 c5 2. Nf3 Nc6 3. Bb5 g6 4. 0-0 Bg7 5. d3 d6 6. Re1 e5 7. a4 Nge7 8. Nc3 0-0 9. Bc4 h6 10. Nd5 Kh7 11. c3 Nxd5 12. Bxd5 Ne7 13. Bc4 f5 14. Qb3 Nc6 15. Be6 Na5 16. Qd5 Bxe6 17. Qxe6 Qf6 18. Qxf6 Bxf6 19. b4 Nb3 20. Rb1 Nxc1 21. Rexc1 cxb4 22. cxb4 Rac8 23. h4 Kg7 24. g3 h5 25. Nd2 Rfd8 26. Nc4 d5 27. Na5 Rxc1+ 28. Rxc1 Rd7 29. exd5 Bd8 30. Nb3 Rxd5 31. Nc5 Be7 32. Nxb7 Bxb4 33. Rc7+ Kh6 34. Rc8 Be7 35. Re8 Bf6 36. Re6 Bg7 37. Rd6 Rxd6 38. Nxd6 Bf6 1/2-1/2

[Event "CZE-chT 2122"]
[Site "Czech Republic"]
[Date "2022.02.12"]
[Round "9.3"]
[White "Ponizil, Cyril"]
[Black "Laznicka, Viktor"]
[Result "1/2-1/2"]
[WhiteElo "2506"]
[BlackElo "2647"]
[PlyCount "60"]
[EventDate "2021.10.15"]
[EventType "team-tourn"]
[EventRounds "15"]
[EventCountry "CZE"]
[SourceTitle "EXT 2023"]
[Source "ChessBase"]
[SourceDate "2022.10.05"]
[SourceVersion "1"]
[SourceVersionDate "2022.10.05"]
[SourceQuality "1"]
[WhiteTeam "Brno Duras"]
[BlackTeam "Pardubice"]
[WhiteTeamCountry "CZE"]
[BlackTeamCountry "CZE"]

1. e4 c5 2. Nf3 e6 3. d4 cxd4 4. Nxd4 a6 5. Nc3 Qc7 6. Bd3 Nf6 7. 0-0 Bc5 8. Nb3 Be7 9. f4 d6 10. a4 b6 11. a5 b5 12. e5 Nfd7 13. exd6 Bxd6 14. Kh1 b4 15. Ne4 Be7 16. f5 exf5 17. Ng3 g6 18. Bh6 Ne5 19. Nd4 Nxd3 20. Qxd3 Nc6 21. Qc4 Bb7 22. Bf4 Qd7 23. Rad1 Rd8 24. Ndxf5 Qxd1 25. Ng7+ Kf8 26. Bh6 Qd5 27. N7f5+ Ke8 28. Ng7+ Kf8 29. N7f5+ Ke8 30. Ng7+ Kf8 1/2-1/2

[Event "CZE-chT 2122"]
[Site "Czech Republic"]
[Date "2022.01.30"]
[Round "8.3"]
[White "Anton Guijarro, David"]
[Black "Ponizil, Cyril"]
[Result "1-0"]
[WhiteElo "2658"]
[BlackElo "2506"]
[PlyCount "57"]
[EventDate "2021.10.15"]
[EventType "team-tourn"]
[EventRounds "15"]
[EventCountry "CZE"]
[SourceTitle "EXT 2023"]
[Source "ChessBase"]
[SourceDate "2022.10.05"]
[SourceVersion "1"]
[SourceVersionDate "2022.10.05"]
[SourceQuality "1"]
[WhiteTeam "Novoborsky"]
[BlackTeam "Brno Duras"]
[WhiteTeamCountry "CZE"]
[BlackTeamCountry "CZE"]

1. d4 Nf6 2. Nf3 e6 3. Bg5 c5 4. d5 exd5 5. e3 d6 6. Nc3 Be6 7. Bxf6 Qxf6 8. Bb5+ Nc6 9. Nxd5 Bxd5 10. Qxd5 Rc8 11. c3 Be7 12. h4 0-0 13. Ng5 g6 14. f4 Qg7 15. 0-0-0 a6 16. Bd3 Bxg5 17. hxg5 Rfe8 18. Rh3 Re6 19. Rdh1 Rc7 20. g4 Rce7 21. e4 Rd7 22. Bc2 Re8 23. Qd2 f6 24. Bb3+ Kh8 25. gxf6 Qxf6 26. Rxh7+ Rxh7 27. Rxh7+ Kxh7 28. Qh2+ Kg7 29. g5 1-0

[Event "CZE-chT 2122"]
[Site "Czech Republic"]
[Date "2021.11.06"]
[Round "3.5"]
[White "Ponizil, Cyril"]
[Black "Piesik, Piotr"]
[Result "1/2-1/2"]
[WhiteElo "2506"]
[BlackElo "2389"]
[PlyCount "75"]
[EventDate "2021.10.15"]
[EventType "team-tourn"]
[EventRounds "15"]
[EventCountry "CZE"]
[SourceTitle "EXT 2023"]
[Source "ChessBase"]
[SourceDate "2022.10.05"]
[SourceVersion "1"]
[SourceVersionDate "2022.10.05"]
[SourceQuality "1"]
[WhiteTeam "Brno Duras"]
[BlackTeam "Frydek Mistek II"]
[WhiteTeamCountry "CZE"]
[BlackTeamCountry "CZE"]

1. e4 c6 2. d4 d5 3. e5 Bf5 4. Nd2 e6 5. Nb3 Nd7 6. Nf3 Bg6 7. Be2 Nh6 8. 0-0 Nf5 9. a4 Bh5 10. a5 a6 11. h3 Bxf3 12. Bxf3 c5 13. dxc5 Qc7 14. Bf4 Be7 15. Nd4 Nxd4 16. Qxd4 Bxc5 17. Qd2 0-0 18. Rfe1 Rfd8 19. c3 Rac8 20. Bd1 Nf8 21. Bg5 Be7 22. Be3 Bc5 23. Bg5 Be7 24. Ra4 Ng6 25. Bc2 Bxg5 26. Qxg5 d4 27. Bxg6 hxg6 28. cxd4 Rd5 29. Qd2 Qc2 30. Qxc2 Rxc2 31. Rb4 Rxa5 32. Rxb7 Rb5 33. Rxb5 axb5 34. Ra1 g5 35. b3 Rc3 36. Ra8+ Kh7 37. Ra7 Kg6 38. Ra6 1/2-1/2

[Event "CZE-chT 1920"]
[Site "Czech Republic"]
[Date "2020.01.26"]
[Round "6.1"]
[White "Ponizil, Cyril"]
[Black "Pechac, Jergus"]
[Result "1/2-1/2"]
[WhiteElo "2504"]
[BlackElo "2491"]
[PlyCount "98"]
[EventDate "2019.10.12"]
[EventType "team-tourn"]
[EventRounds "11"]
[EventCountry "CZE"]
[SourceTitle "CBM 194 Extra"]
[Source "ChessBase"]
[SourceDate "2020.03.31"]
[SourceVersion "1"]
[SourceVersionDate "2020.03.31"]
[SourceQuality "1"]
[WhiteTeam "Brno Duras"]
[BlackTeam "Pardubice"]
[WhiteTeamCountry "CZE"]
[BlackTeamCountry "CZE"]

1. e4 e5 2. Nf3 Nc6 3. Bb5 Nf6 4. d3 Bc5 5. c3 0-0 6. 0-0 d6 7. Nbd2 Ne7 8. Re1 c6 9. Ba4 Ng6 10. Nf1 h6 11. h3 a5 12. Ng3 b5 13. Bc2 Bb6 14. a4 b4 15. d4 c5 16. Be3 Qc7 17. Bd3 Rb8 18. Rc1 bxc3 19. Rxc3 exd4 20. Bxd4 Qd8 21. Be3 c4 22. Rxc4 Bxe3 23. Rxe3 Rxb2 24. Rd4 Qc7 25. Bb5 Rc2 26. Re1 Nf4 27. Rd2 Rc3 28. Rxd6 Bxh3 29. gxh3 Rxf3 30. Qxf3 Qxd6 31. e5 Qb4 32. Kf1 N6d5 33. Nf5 Kh7 34. Nd6 f6 35. Bd3+ g6 36. Rb1 Qd4 37. Be4 Qxe5 38. Nc4 Qd4 39. Bxd5 Nxd5 40. Nxa5 Qc5 41. Qe4 Rf7 42. Nb7 Qc6 43. Nd8 Qa6+ 44. Rb5 Rd7 45. Ne6 Nc3 46. Nf8+ Kg7 47. Qe8 Rd6 48. Qe7+ Kg8 49. Qe8 Kg7 1/2-1/2

[Event "CZE-chT 1920"]
[Site "Czech Republic"]
[Date "2019.11.30"]
[Round "3.1"]
[White "Ponizil, Cyril"]
[Black "Laznicka, Viktor"]
[Result "1/2-1/2"]
[WhiteElo "2504"]
[BlackElo "2667"]
[PlyCount "30"]
[EventDate "2019.10.12"]
[EventType "team-tourn"]
[EventRounds "11"]
[EventCountry "CZE"]
[SourceTitle "CBM 193 Extra"]
[Source "ChessBase"]
[SourceDate "2020.01.31"]
[SourceVersion "1"]
[SourceVersionDate "2020.01.31"]
[SourceQuality "1"]
[WhiteTeam "Brno Duras"]
[BlackTeam "Novy Bor"]
[WhiteTeamCountry "CZE"]
[BlackTeamCountry "CZE"]

1. e4 c5 2. Nf3 e6 3. d4 cxd4 4. Nxd4 Nc6 5. Nc3 a6 6. Be3 Nf6 7. Bd3 Qc7 8. 0-0 Nxd4 9. Bxd4 Bc5 10. Bxc5 Qxc5 11. Qd2 d6 12. Rae1 e5 13. Re3 Be6 14. Rd1 0-0 15. Be2 Rfd8 1/2-1/2